| 000 | 00476nam a22001817a 4500 | ||
|---|---|---|---|
| 003 | LK-CoMWRAF | ||
| 005 | 20231011002602.0 | ||
| 008 | 231011b1994 |||||||| |||| 00| 0 eng d | ||
| 040 |
_aLK-CoMWRAF _dLK-CoMWRAF _eLK-CoMWRAF |
||
| 041 | _aeng | ||
| 082 |
_a920.03 _bDE |
||
| 100 | _aDe Lanerolle, Kenneth M. | ||
| 245 | _aNames to remember | ||
| 260 |
_aCeylon: _bCelon Printers, _c1994 |
||
| 300 | _axxix, 356 p. ; 22 cm. | ||
| 650 | _aBIOGRAPHY-Dictionaries | ||
| 942 | _cBK | ||
| 999 |
_c3834 _d3834 |
||